LG Caltex Gas Co v China Petroleum Corporations (Record no. 68431)
[ view plain ]
| 000 -LEADER | |
|---|---|
| fixed length control field | 01505cam a2200241 4500 |
| 001 - CONTROL NUMBER | |
| control field | ABS64529 |
| 008 - FIXED-LENGTH DATA ELEMENTS--GENERAL INFORMATION | |
| fixed length control field | 010928n2001 000 0 eng u |
| 035 ## - SYSTEM CONTROL NUMBER | |
| System control number | (Sirsi) u114934 |
| 245 ## - TITLE STATEMENT | |
| Title | LG Caltex Gas Co v China Petroleum Corporations |
| 260 ## - PUBLICATION, DISTRIBUTION, ETC. | |
| Date of publication, distribution, etc. | 2001 |
| 490 ## - SERIES STATEMENT | |
| Series statement | Building Law Reports |
| Volume/sequential designation | [2001] BLR 325-342(18) |
| 520 ## - SUMMARY, ETC. | |
| Summary, etc. | CA 15 May 2001. Appeal by appellant L against HC decision (see Abs64352) which held that as the parties had entered into an ad hoc agreement to give the arbitrator jurisdiction to decide whether there was a binding contract of sale between them and therefore this agreement precluded any challenge to the arbitrators ultimate award that there was a no sale agreement between them. The CA held that the HC had erred in finding that there had been an ad hoc agreement and that the parties had the right to challenge the arbitrator's award in accordance with the Arbitration Act 1996 s67. Appeal allowed. |
| 590 ## - LOCAL NOTE (RLIN) | |
| Local note | ABS |
| 650 ## - SUBJECT ADDED ENTRY--TOPICAL TERM | |
| Topical term or geographic name entry element | LG CALTEX GAS LTD AND CONTIGROUP INC V CHINA NATIONAL PETROLEUM CORPORATION AND CHINA PETROLEUM TECHNOLOGY & DEVELOPMENT CORPORATION |
| 650 ## - SUBJECT ADDED ENTRY--TOPICAL TERM | |
| Topical term or geographic name entry element | MANAGEMENT-DISPUTE AVOIDANCE, MANAGEMENT AND RESOLUTION-DISPUTE MANAGEMENT AND RESOLUTION-ARBITRATION |
| 650 ## - SUBJECT ADDED ENTRY--TOPICAL TERM | |
| Topical term or geographic name entry element | JURISDICTION |
| 650 ## - SUBJECT ADDED ENTRY--TOPICAL TERM | |
| Topical term or geographic name entry element | ARBITRATION ACT 1996 S67 |
| 650 ## - SUBJECT ADDED ENTRY--TOPICAL TERM | |
| Topical term or geographic name entry element | ARBITRATION ACT 1996 S73 |
| 650 ## - SUBJECT ADDED ENTRY--TOPICAL TERM | |
| Topical term or geographic name entry element | CHINA |
| 650 ## - SUBJECT ADDED ENTRY--TOPICAL TERM | |
| Topical term or geographic name entry element | CONTRACT OF SALE |
| 690 ## - LOCAL SUBJECT ADDED ENTRY--TOPICAL TERM (OCLC, RLIN) | |
| Topical term or geographic name as entry element | MANGEMENT-DISPUTE AVOIDANCE, MANAGEMENT AND RESOLUTION-DISPUTE MANAGEMENT AND RESOLUTION |
| 942 ## - ADDED ENTRY ELEMENTS (KOHA) | |
| Suppress in OPAC | 0 |
| Withdrawn status | Lost status | Source of classification or shelving scheme | Damaged status | Not for loan | Home library | Current library | Shelving location | Date acquired | Total Checkouts | Full call number | Barcode | Date last seen | Copy number | Price effective from | Koha item type |
|---|---|---|---|---|---|---|---|---|---|---|---|---|---|---|---|
| Dewey Decimal Classification | London | London | Journal article | 28/09/2001 | ABS64529 | 114934-1001 | 06/08/2019 | 1 | 06/08/2019 | Law report |